Statistics for Countries with the Highest Jewish Population

Click here to take the quiz!

General Stats

  • This quiz has been taken 38 times
  • The average score is 17 of 20

Answer Stats

PopulationAnswer% Correct
6,340,600Israel
97%
448,000France
94%
118,000Germany
94%
292,000United Kingdom
94%
5,700,000United States
94%
155,000Russia
91%
175,000Argentina
89%
29,000Belgium
89%
92,000Brazil
89%
27,000Italy
89%
29,800Netherlands
89%
118,000Australia
86%
40,000Mexico
86%
393,000Canada
83%
45,000Ukraine
83%
16,000Chile
80%
47,200Hungary
74%
18,500Switzerland
63%
52,300South Africa
60%
16,000Uruguay
46%

Score Distribution

Percentile by Number Answered

Percent of People with Each Score

Your Score History

You have not taken this quiz